000 00508nam a2200193Ia 4500
008 220531s9999 xx 000 0 und d
041 _aeng
082 _a-
_bGUG / BOB
100 _aGugale, G. S. / Bobade, V. D.
_959348
245 _aOrganic And Inorganic Chemisry (paper-ii)
250 _a1ST
260 _aPune
_bNirali
_c2014
300 _a6.24
542 _d03-07-2014
551 _aScience
_bNon-grant-SCI
650 _aChemistry
_959349
906 _d2014-2015
_f206
999 _c33959
_d33959